Impuesto, legalidad y democracia. (Registro nro. 35608)

Detalles MARC
000 -LEADER
fixed length control field 00303 a2200109 4500
001 - CONTROL NUMBER
control field ART_56545
005 - DATE AND TIME OF LATEST TRANSACTION
control field 20260410162049.0
008 - FIXED-LENGTH DATA ELEMENTS--GENERAL INFORMATION
fixed length control field 260409a
100 1# - MAIN ENTRY--PERSONAL NAME
Personal name Rosembuj, Tulio R.
245 10 - TITLE STATEMENT
Title Impuesto, legalidad y democracia.
773 0# - HOST ITEM ENTRY
Title Impuestos
Related parts - N° 127 (jul. 2022)
Record control number REV45175

No hay ítems disponibles.